[Event "AUTO-OPEN-1685"]
[Site "http://www.queenalice.com/game.php?id=649652"]
[Date "2009.9.9"]
[Round "1"]
[White "chess2009"]
[Black "Groomi"]
[Result "0-1"]
[WhiteElo "1690"]
[BlackElo "1850"]

1. e4 e5 2. Qh5 Nc6 3. Bc4 g6 4. Qf3 Nd4 5. Qd1 c6 6. c3 Qg5 7. g3 Ne6 8. h4 Qd8
9. Bxe6 dxe6 10. Ne2 Nf6 11. f3 Bc5 12. b4 Bb6 13. Na3 Qd3 14. g4 Qxf3 15. Rf1
Qxg4 16. Nc2 Qxh4+ 17. Rf2 Qxf2# 0-1

[Event "AUTO-OPEN-1685"]
[Site "http://www.queenalice.com/game.php?id=649653"]
[Date "2009.9.9"]
[Round "1"]
[White "Groomi"]
[Black "chess2009"]
[Result "1-0"]
[WhiteElo "1846"]
[BlackElo "1664"]

1. d4 d5 2. c3 Nc6 3. Nd2 Be6 4. e4 Qd7 5. e5 O-O-O 6. Qa4 a6 7. Bxa6 bxa6 8.
Qxa6+ Kb8 9. Nb3 Na7 10. Nc5 Qc8 11. Qa4 Bd7 12. Qb3+ Ka8 13. Nf3 f6 14. O-O Bb5
15. Re1 e6 16. Be3 Bc4 17. Qa4 Bxc5 18. dxc5 c6 19. exf6 gxf6 20. Bd4 Bb5 21.
Qd1 e5 22. Nxe5 Nh6 23. Qd2 fxe5 24. Bxe5 Rhg8 25. Qxh6 Rd7 26. a4 Bd3 27. b4
Rg6 28. Qe3 Bf5 29. b5 cxb5 30. axb5 Kb7 31. Ra5 Be4 32. c6+ Ka8 33. cxd7 Qxd7
34. Rea1 Rxg2+ 35. Kf1 Rg7 36. Bxg7 Qxg7 37. Rxa7+ Qxa7 38. Qxa7# 1-0

[Event "AUTO-OPEN-1685"]
[Site "http://www.queenalice.com/game.php?id=649690"]
[Date "2009.9.9"]
[Round "1"]
[White "fire4"]
[Black "Groomi"]
[Result "0-1"]
[WhiteElo "1883"]
[BlackElo "1832"]

1. c4 c6 2. c5 Qa5 3. Qc2 e6 4. g3 Bxc5 5. Nf3 Qb6 6. e3 d5 7. d4 Bb4+ 8. Bd2
Nf6 9. Bg2 Ne4 10. Ne5 Nxd2 11. Nxd2 O-O 12. O-O-O a5 13. e4 Qxd4 14. Ndf3 Qb6
15. Ng5 f6 16. exd5 cxd5 17. Nef7 fxg5 18. Nxg5 g6 19. a3 Bc5 20. Rhf1 Nd7 21.
f4 Be3+ 22. Kb1 Nc5 23. Qc3 Na4 24. Qc2 Bd7 25. h4 Rac8 26. Qe2 Nc3+ 0-1

[Event "AUTO-OPEN-1685"]
[Site "http://www.queenalice.com/game.php?id=649691"]
[Date "2009.9.9"]
[Round "1"]
[White "Groomi"]
[Black "fire4"]
[Result "1-0"]
[WhiteElo "1808"]
[BlackElo "1903"]

1. d4 e6 2. c3 b6 3. e4 Bb7 4. e5 d6 5. exd6 Bxd6 6. Nh3 h6 7. Bf4 g5 8. Bxd6
Qxd6 9. Qh5 Nf6 10. Qd1 Nbd7 11. Nd2 O-O-O 12. Nc4 Qe7 13. Ne3 Nd5 14. Nc4 Ba6
15. Qa4 Kb7 16. Qb3 e5 17. Na5+ Ka8 18. Qxd5+ Kb8 19. Bxa6 exd4+ 20. Kd1 Nc5 21.
Nc6+ Ka8 22. Nxd8+ 1-0

[Event "Challenge"]
[Site "http://www.queenalice.com/game.php?id=650018"]
[Date "2009.9.10"]
[Round "-"]
[White "pink_floyd"]
[Black "Groomi"]
[Result "0-1"]
[WhiteElo "1361"]
[BlackElo "1792"]

1. e4 e6 2. d4 c6 3. Nf3 d5 4. e5 Ne7 5. Bg5 h6 6. Be3 Nf5 7. Bd3 Nxe3 8. fxe3
Qb6 9. Qc1 Be7 10. a3 Nd7 11. O-O c5 12. c3 c4 13. Bc2 g6 0-1

[Event "AUTO-OPEN-1698"]
[Site "http://www.queenalice.com/game.php?id=655865"]
[Date "2009.9.21"]
[Round "1"]
[White "rhsatrhs"]
[Black "Groomi"]
[Result "1-0"]
[WhiteElo "2019"]
[BlackElo "1850"]

1. e4 e6 2. d4 d5 3. Nc3 c6 4. a3 Nd7 5. Nf3 dxe4 6. Nxe4 Ne7 7. Bg5 h6 8. Bh4
Qa5+ 9. Nc3 Nf5 10. b4 Qc7 11. Bd3 g5 12. Bg3 Nxg3 13. fxg3 Bd6 14. Ne2 Nb6 15.
c4 Nd7 16. c5 Be7 17. O-O Nf6 18. Ne5 O-O 19. Nc3 Qd8 20. Bc2 Nd5 21. Qd3 f5 22.
g4 Nf4 23. Qf3 Qxd4+ 24. Kh1 Qxe5 25. Rfe1 Qc7 26. g3 fxg4 27. Qe4 Nh3 28. Qh7#
1-0

[Event "AUTO-OPEN-1698"]
[Site "http://www.queenalice.com/game.php?id=655866"]
[Date "2009.9.21"]
[Round "1"]
[White "Groomi"]
[Black "rhsatrhs"]
[Result "1/2-1/2"]
[WhiteElo "1841"]
[BlackElo "2055"]

1. d4 Nf6 2. Nf3 g6 3. Nc3 Bg7 4. e4 O-O 5. e5 Ne8 6. Bc4 d6 7. Ng5 e6 8. Nce4
d5 9. Bd3 dxe4 10. Bxe4 h6 11. Nf3 Kh7 12. h4 f5 13. Bd3 Nc6 14. h5 g5 15. g4
Nxd4 16. Nxd4 Bxe5 17. Nf3 Qd5 18. Bxf5+ Rxf5 19. Qxd5 exd5 20. gxf5 Bf6 21. c3
Bxf5 22. Be3 Be4 23. Ke2 g4 24. Nh4 Bxh1 25. Rxh1 Ng7 26. Ng2 Re8 27. Nf4 c6 28.
Kd3 b6 29. Rg1 Re5 30. Bd4 Rf5 31. Rxg4 Bxd4 32. Kxd4 Nxh5 33. Nxh5 Rxh5 34. f4
Rf5 35. b4 h5 36. Rh4 Kg6 37. a4 Kf6 38. Ke3 Ke6 39. Kd4 Kd6 40. Ke3 a6 41. Kd4
a5 42. bxa5 bxa5 43. Ke3 c5 44. Kd3 c4+ 45. Kd4 Kc6 46. Ke3 Kc5 47. Rh1 Kd6
1/2-1/2

[Event "AUTO-OPEN-1698"]
[Site "http://www.queenalice.com/game.php?id=655885"]
[Date "2009.9.21"]
[Round "1"]
[White "jartuga99"]
[Black "Groomi"]
[Result "1-0"]
[WhiteElo "2138"]
[BlackElo "1841"]

1. e4 e6 2. d4 d6 3. Bd3 Nc6 4. Nf3 d5 5. e5 Be7 6. O-O h5 7. c3 h4 8. h3 g5 9.
Nh2 Nh6 10. Na3 Bxa3 11. bxa3 Qe7 12. Qh5 Qf8 13. Bxg5 Nf5 14. Qf3 Qg7 15. Bf6
Qg8 16. Bxh8 Qxh8 17. Bxf5 exf5 18. Qxd5 Be6 19. Qb5 Bc8 20. d5 Qxe5 21. Rae1
Kd8 22. Rxe5 Nxe5 23. Re1 f6 24. f4 a6 25. Qe2 1-0

[Event "AUTO-OPEN-1698"]
[Site "http://www.queenalice.com/game.php?id=655886"]
[Date "2009.9.21"]
[Round "1"]
[White "Groomi"]
[Black "jartuga99"]
[Result "0-1"]
[WhiteElo "1855"]
[BlackElo "2124"]

1. d4 d5 2. c3 Nf6 3. Nf3 g6 4. Nbd2 Bg7 5. Nb3 O-O 6. e3 c6 7. h4 h5 8. Bd3 Bg4
9. Nc5 b6 10. Na6 b5 11. Nc5 Nbd7 12. Qb3 Nxc5 13. dxc5 Bxf3 14. gxf3 e5 15. Qc2
Qe8 16. Bxg6 fxg6 17. Rg1 e4 18. fxe4 Qxe4 19. Qxe4 Nxe4 20. f4 Rf6 21. a4 Nxc5
22. axb5 cxb5 23. Ra5 a6 24. Bd2 Nd3+ 25. Ke2 Nxb2 26. Ra2 Nc4 27. Bc1 Re8 28.
Rg5 Rd6 29. f5 Bxc3 30. fxg6 d4 31. e4 d3+ 32. Kf3 d2 33. Bxd2 Nxd2+ 34. Kf4
Rxe4+ 35. Kg3 Re3+ 36. Kf2 Rf3+ 37. Kg2 Rdf6 38. Rc2 Rf2+ 39. Kg1 Rf1+ 40. Kg2
R6f2+ 41. Kg3 Ne4+ 0-1

[Event "Challenge"]
[Site "http://www.queenalice.com/game.php?id=656430"]
[Date "2009.9.22"]
[Round "-"]
[White "rdaigle2003"]
[Black "Groomi"]
[Result "1-0"]
[WhiteElo "1651"]
[BlackElo "1819"]

1. e4 e6 2. Nc3 c6 3. d4 d5 4. e5 Bb4 5. Ne2 Ne7 6. Bd2 Nf5 7. g3 Qb6 8. Bh3
Nxd4 9. Nxd4 Qxd4 10. Qe2 Nd7 11. f4 Nc5 12. a3 Ba5 13. b4 Na4 14. Qd3 Bb6 15.
Qxd4 Bxd4 16. Nxa4 Bxa1 17. c3 d4 18. O-O b5 19. Rxa1 bxa4 20. cxd4 O-O 21. Bg2
Bb7 22. b5 Rac8 23. Rc1 Rcd8 24. bxc6 Ba6 25. c7 Rxd4 26. Bf1 Bb7 27. Be3 Rd3
28. Bxd3 a5 29. Be4 Ba6 30. Rc6 Bb7 31. Rc4 Ba6 32. Rxa4 Rc8 33. Bb6 f5 34. exf6
gxf6 35. Rxa5 f5 36. Rxa6 fxe4 37. Ra4 Kf7 38. Rxe4 Ra8 39. a4 Ke7 40. Rd4 h5
41. Rd8 Rxa4 42. c8=Q Ra1+ 43. Kg2 Ra2+ 44. Kh3 Re2 45. Bd4 Kf7 46. Rg8 Ke7 47.
Qc7# 1-0

[Event "Challenge"]
[Site "http://www.queenalice.com/game.php?id=656451"]
[Date "2009.9.22"]
[Round "-"]
[White "Groomi"]
[Black "thedead"]
[Result "1-0"]
[WhiteElo "1806"]
[BlackElo "1130"]

1. d4 d5 2. c3 e6 3. Nf3 h6 4. Ne5 Nf6 5. Bf4 c5 6. e3 Nc6 7. Qa4 Bd7 8. Nxc6
bxc6 9. Nd2 cxd4 10. Qxd4 c5 11. Qd3 Nh5 12. Be5 f6 13. Qg6+ Ke7 14. Qxh5 fxe5
15. Nf3 e4 16. Ne5 Be8 17. Qg4 a6 18. Qg3 g5 19. h4 Kf6 20. hxg5+ 1-0

[Event "Revenge time Grooms!"]
[Site "http://www.queenalice.com/game.php?id=667097"]
[Date "2009.10.14"]
[Round "-"]
[White "Groomi"]
[Black "mustangmike"]
[Result "0-1"]
[WhiteElo "1796"]
[BlackElo "1908"]

1. d4 d5 2. c3 e6 3. Nf3 Nf6 4. Bg5 Be7 5. Qd3 Ne4 6. Bxe7 Qxe7 7. Ne5 O-O 8. e3
Qf6 9. Be2 Qxf2+ 10. Kd1 Qxg2 11. Rf1 Nf2+ 12. Rxf2 Qxf2 13. Ng4 Qg1+ 14. Kd2 f5
15. Ne5 Qxh2 16. Na3 b6 17. Nb5 Ba6 18. Qc2 Bxb5 19. Re1 Rf6 20. Nf3 Qf2 21. a4
Bxe2 22. Ne5 Bd3+ 23. Kxd3 Qxe1 24. Qg2 Qd1+ 25. Qd2 Qxa4 26. Nf3 h6 27. Nh4 g5
28. Nf3 Qc4+ 29. Kc2 Nd7 30. b3 Qf1 31. Ne1 Kf7 32. Nd3 h5 33. Qh2 h4 34. Qxc7
Ke8 35. c4 dxc4 36. bxc4 h3 37. Nb4 Qe2+ 38. Kb3 h2 39. Qg3 h1=Q 40. Qxg5 Qb1+
41. Ka4 Qxc4 42. Qg8+ Rf8 43. Qg6+ Rf7 44. Qg8+ Nf8 0-1

[Event "Challenge"]
[Site "http://www.queenalice.com/game.php?id=670260"]
[Date "2009.10.21"]
[Round "-"]
[White "ORNELAS"]
[Black "Groomi"]
[Result "1-0"]
[WhiteElo "1677"]
[BlackElo "1842"]

1. d4 d5 2. Nf3 c6 3. Ng5 h6 4. Nf3 Nf6 5. c3 Nbd7 6. g3 Nb6 7. Bf4 Bg4 8. Ne5
Bf5 9. Bg2 e6 10. Nf3 Nc4 11. Qb3 Be4 12. Nbd2 Nxd2 13. Kxd2 b5 14. Rhd1 Ng4 15.
Nh4 Nxf2 16. Rf1 Bxg2 17. Nxg2 Ne4+ 18. Kc2 a5 19. a4 b4 20. c4 Qb6 21. c5 Qa6
22. Rae1 Be7 23. e3 O-O 24. Kc1 Bxc5 25. dxc5 Nxc5 26. Qc2 Rac8 27. Qxc5 Rfe8
28. Kb1 Qd3+ 29. Ka1 Qd2 30. Nh4 Qd3 31. Rd1 Qe2 32. Nf3 f6 33. Rde1 Qd3 34. Rd1
Qa6 35. Bd6 e5 36. Nh4 Re6 37. Ng6 1-0

[Event "Challenge"]
[Site "http://www.queenalice.com/game.php?id=734907"]
[Date "2010.2.20"]
[Round "-"]
[White "SallesAndre"]
[Black "Groomi"]
[Result "1-0"]
[WhiteElo "1692"]
[BlackElo "1742"]

1. e4 e6 2. Nf3 Ne7 3. Nc3 c6 4. d4 d5 5. e5 Nf5 6. Bd3 Bb4 7. Bd2 Qb6 8. Bxf5
exf5 9. O-O O-O 10. Rb1 c5 11. Nxd5 Qb5 12. Bxb4 Na6 13. Ba3 Be6 14. Nc3 Qc4 15.
dxc5 Rfd8 16. Qe2 Qxe2 17. Nxe2 Bxa2 18. Rbd1 Bc4 19. Rxd8+ 1-0

[Event "Challenge"]
[Site "http://www.queenalice.com/game.php?id=734908"]
[Date "2010.2.20"]
[Round "-"]
[White "Groomi"]
[Black "SallesAndre"]
[Result "0-1"]
[WhiteElo "1762"]
[BlackElo "1672"]

1. d4 d5 2. c3 Nf6 3. g3 Nc6 4. h4 Bf5 5. Nd2 e6 6. Nb3 Bd6 7. Nf3 O-O 8. h5 Bg4
9. Bg2 Bxh5 10. Qd3 Bxf3 11. Bxf3 e5 12. dxe5 Nxe5 13. Qf5 Nxf3+ 14. Qxf3 b6 15.
Bg5 Be5 16. O-O-O c6 17. e4 h6 0-1

[Event "AUTO-OPEN-1685"]
[Site "http://www.queenalice.com/game.php?id=743204"]
[Date "2010.3.8"]
[Round "2"]
[White "arniecoruja"]
[Black "Groomi"]
[Result "1-0"]
[WhiteElo "1834"]
[BlackElo "1780"]

1. e4 e6 2. d4 c6 3. e5 d5 4. Nf3 Nd7 5. Qe2 Ne7 6. Bg5 h6 7. Bh4 Qb6 8. b3 Nf5
9. c3 g5 10. Bg3 Be7 11. Nfd2 h5 12. f3 Nxg3 13. hxg3 Nf8 14. g4 1-0

[Event "AUTO-OPEN-1685"]
[Site "http://www.queenalice.com/game.php?id=743205"]
[Date "2010.3.8"]
[Round "2"]
[White "Groomi"]
[Black "arniecoruja"]
[Result "0-1"]
[WhiteElo "1795"]
[BlackElo "1819"]

1. d4 d5 2. c3 Nc6 3. Nf3 h6 4. Nbd2 e6 5. e4 dxe4 6. Nxe4 Nf6 7. Nxf6+ Qxf6 8.
Qa4 Bd7 9. Qb5 O-O-O 10. Bd3 Nxd4 11. Qe5 Nxf3+ 12. gxf3 Qxe5+ 13. Be3 Bc5 0-1

[Event "AUTO-OPEN-1685"]
[Site "http://www.queenalice.com/game.php?id=743210"]
[Date "2010.3.8"]
[Round "2"]
[White "Groomi"]
[Black "insomnia69"]
[Result "0-1"]
[WhiteElo "1766"]
[BlackElo "2375"]

1. d4 Nf6 2. c3 g6 3. Nf3 d6 4. Nbd2 Bg7 5. Ng5 c5 6. e4 cxd4 7. cxd4 Qa5 8. Bc4
O-O 9. Qb3 Qxg5 10. O-O Nc6 11. Nf3 Qa5 12. Ng5 d5 13. exd5 Nxd4 14. Qd3 Nxd5
15. Bd2 Qd8 16. Rae1 Bf5 17. Qg3 Rc8 0-1

[Event "AUTO-OPEN-1685"]
[Site "http://www.queenalice.com/game.php?id=743211"]
[Date "2010.3.8"]
[Round "2"]
[White "insomnia69"]
[Black "Groomi"]
[Result "1-0"]
[WhiteElo "2376"]
[BlackElo "1764"]

1. d4 d5 2. c4 dxc4 3. e4 b5 4. a4 c6 5. b3 cxb3 6. axb5 cxb5 7. Bxb5+ Nd7 8.
Qxb3 e6 9. Nf3 Nf6 10. Bc6 Bb7 11. Qxb7 Rb8 12. Qxa7 Bb4+ 13. Bd2 O-O 14. O-O
Bxd2 15. Nbxd2 1-0